000 00266nam a2200097Ia 4500
008 120527s9999 xx 000 0 und d
100 _aPEARSON, Anne
245 _aFeeding and working strategies for oxen used for draft purpose in semi-
260 _bILRI
942 _cBK
999 _c25186
_d25186